| 000 | 00878nam a2200241 i 4500 | ||
|---|---|---|---|
| 001 | 171944 | ||
| 003 | ES-MaACL | ||
| 005 | 20250830013256.0 | ||
| 008 | 090609s1984 sp |||| | spa d | ||
| 017 | _aM 38478-1984 | ||
| 020 | _a84-220-1165-4 | ||
| 110 | 2 |
_aConferencia Episcopal Española _93172 |
|
| 245 | 1 | 0 |
_aDocumentos de la Conferencia Episcopal Española, 1965-1983 / _cedición preparada por Jesús Iribarren ; prólogo por Gabino Díaz Merchán. |
| 260 |
_aMadrid : _bLa Editorial Católica, _c1984. |
||
| 300 |
_aXVI, 813 p., 1 h. ; _c20 cm. |
||
| 490 | 1 |
_aBiblioteca de autores cristianos ; _v459 |
|
| 500 | _aÍndices. | ||
| 700 | 0 |
_aIribarren, Jesús. _965453 |
|
| 700 | 1 |
_aDíaz Merchán, Gabino, _d1926- _9140563 |
|
| 830 | 0 | 0 |
_aBiblioteca de autores cristianos _v459 _9178679 |
| 852 |
_aES-MaACL _jJ-448 _9R.46092 |
||
| 999 |
_c171944 _d171944 |
||